000 01661nam0a2200385 4500
001 RU\NLR\bibl\1887464
005 20260406013755.0
010 _a978-5-905784-19-4
_9500
021 _aRU
_b2012-19036
_91433
035 _a(nilc)EL/0000242435
035 _a(NLR Aleph) 001877188
090 _a2741123
_c2741123
100 _a20090128d2008 |||y0rusy50 ca
101 0 _arus
102 _aRU
105 _aa |||||||||
200 1 _aОбщечеловеческое и этническое (национальное) в структуре ценностей
_e(на примере Дагестана)
_fИбрагимов Х.А.
_gДагест. науч. центр РАН, Ин-т истории, археологии и этнографии
210 _aМахачкала
_cАЛЕФ
_d2008
215 _a239 с.
_cтабл.
_d20
320 _aБиблиогр. в примеч.: с.174-178
606 1 _aЦенности национальные
_yДагестан
_92099363
_3RU\NLR\auth\661573414
607 _aДагестан, Республика
_xНаселение
_xОриентации ценностные
_92117422
_3RU\NLR\auth\661582569
686 _aС550.67
_vLBC/SL
_2rubbk
686 _aТ3(2Р-6Д)74
_vLBC/SL
_2rubbk
686 _aТ3(2Р-6Д)0-7
686 _aС550.65
700 1 _4070
_8rus
_7ca
_aИбрагимов
_bХ. А.
_gХарьк Айсаевич
_3RU\NLR\AUTH\77119275
_9102200
801 0 _aRU
_bГПИБ России
_c20090128
_grcr
801 1 _aRU
_bГПИБ России
_c20090128
_2rusmarc
801 2 _aRU
_bNLR
_c20120404
_grcr
830 _aпо кн
942 _cBOOK
980 _aNB